000 01480cam a2200301 a 4500
001 1749
005 20250826085634.0
020 _a0689823215
040 _aDLC
_cDLC
_dDLC
050 0 0 _aPZ7.Y78
_bRm 2003
082 0 0 _a[Fic]
_221
100 1 _aYolen, Jane.
245 1 0 _aRoanoke :
_bthe lost colony : an unsolved mystery from history /
_cby Jane Yolen and Heidi Elisabet Yolen Stemple ; illustrated by Roger Roth.
250 _aFirst Scholastic printing, January 2007
260 _aNew York :
_bScholastic,
_c2003
300 _a34 unnumbered pages :
_bcolor illustrations ;
_c27 cm
505 _aO
520 _aIn this spine-tingling book from the nonfiction An Unsolved Mystery from History picture book series, journey to colonial America and discover the enduring mystery of the missing Roanoke Colony. In 1587 John White was chosen by Sir Walter Raleigh to lead a new colony at Roanoke off the Atlantic coast. After bringing many men, women, and children to the new land, White went back to England to gather supplies for the long winter. But when he finally returned to the fort almost three years later, he found that all of the colonists had vanished.
521 _a850
_bLexile
521 _aO
_bRaz-Plus
650 _aRoanoke
650 _aColony
650 _aNorth Carolina
700 1 _aStemple, Heidi E. Y.
_cauthor
700 1 _aRoth, Roger
_q(Roger Almon),
_eillustrator
906 _a7
_bcbc
_corignew
_d1
_eocip
_f20
_gy-gencatlg
942 _2ddc
_cBK
_n0
999 _c1749
_d1749